Filosofía de la historia e historiografía

Dos estudios sobre filosofía de la historia. El primero trata sobre las categorías de la historia universal mediante un análisis crítico del problema de la periodización histórica. El segundo entra en el tema del renacimiento y su gama de problemas historiográficos, analizando la noción de “mundos s...

وصف كامل

محفوظ في:
التفاصيل البيبلوغرافية
المؤلف الرئيسي: Castellan, Angel
التنسيق: كتاب
اللغة:Undetermined
منشور في: Buenos Aires, Argentina Dédalo 1961
الموضوعات:
الوسوم: إضافة وسم
لا توجد وسوم, كن أول من يضع وسما على هذه التسجيلة!

MARC

LEADER 00000nam a2200000Ia 4500
008 170316s9999 xx 000 0 und d
040 |a cru BVZT 
090 |a 100 C-19f 
100 |a Castellan, Angel  |9 2070 
245 |a Filosofía de la historia e historiografía  |c / Angel Castellan 
260 |a Buenos Aires, Argentina  |b Dédalo  |c 1961 
300 |a 149 p. 
520 |a Dos estudios sobre filosofía de la historia. El primero trata sobre las categorías de la historia universal mediante un análisis crítico del problema de la periodización histórica. El segundo entra en el tema del renacimiento y su gama de problemas historiográficos, analizando la noción de “mundos separados” y la “vuelta a la Antigüedad clásica' 
650 |a FILOSOFÍA  |9 5 
999 |c 15871  |d 15871 
942 |c 15 D  |h 100 C-19f  |2 z